Augsburg Linie 2 Straßenbahnhaltestellen - Statistiken

Allgemein
  • Dieses Quiz wurde 39 mal gespielt
    33 seit der letzten Aktualisierung
  • Das Durchschnittsergebnis liegt bei 12 aus 27
Antwortstatistiken
Antwort % Korrekt
Königsplatz
93%
Moritzplatz
81%
Rathausplatz
81%
Augsburg West P+R
78%
Rotes Tor
78%
Haunstetten Nord
70%
Theodor Heuss Platz
70%
Haunstetter Straße
67%
Dom / Stadtwerke
59%
Wertachbrücke
59%
Fischertor
52%
Oberhausen Bahnhof
52%
Mozarthaus
48%
Berufsschule
41%
Senkelbach
37%
Kriegshaber
33%
Sportanlage Süd
33%
Beim Dürren Ast
30%
Neusässerstraße
22%
Uniklinik BKH
22%
Volkssiedlung
22%
Heimgarten
19%
St. Thaddäus
19%
Baugenossenschaft
15%
Messerschmitt
15%
Schärtlstraße
15%
Stenglinstraße
11%
Keine übereinstimmenden Quizze gefunden
Verteilung der Resultate
Anzahl Personen mit jedem Resultat
Perzentil nach korrekt beantworteten Fragen
Ihre Resultats-Entwicklung
Sie haben dieses Quiz seit der letzten Aktualisierung nicht gespielt